| 000 | 00880nam a2200241 a 4500 | ||
|---|---|---|---|
| 001 | 000020076 | ||
| 005 | 20200929170245.0 | ||
| 008 | 100720s2008 cu ac 000 0 spa d | ||
| 020 | _a9789591014887 | ||
| 040 |
_aDO-SdBNP _bspa _cBNPHU |
||
| 082 |
_a927.92809 _bH447a |
||
| 100 | 1 |
_aHechevarría, María del Carmen _942644 |
|
| 245 | 1 | 0 |
_aAlicia Alonso : _bmás allá de la técnica / _cMaría del Carmen Hechevarría. |
| 260 |
_aLa Habana : _bLetras Cubana, _c2008. |
||
| 300 |
_a182 p. : _bil., retrs. ; _c29 cm. |
||
| 500 | _aIncluye datos biográficos de la autora en la solapa de la contracubierta | ||
| 500 | _aIncluye índice onomástico | ||
| 500 | _aIncluye notas al pie de las páginas | ||
| 504 | _aIncluye referencias bibliográficas ( p. 171-176) | ||
| 600 | 1 | 4 |
_aALONSO, ALICIA, _d1921- _919824 |
| 650 | 4 |
_aBailarinas _zCuba _xBiografías _942645 |
|
| 049 | _aBNPD | ||
| 999 |
_c19584 _d19584 |
||